000 00571nam a22001937a 4500
003 OSt
005 20250930032609.0
008 250930b |||||||| |||| 00| 0 eng d
020 _a0316085669
040 _aDWCL-Main lib
_cOC
082 _a Circ. 641.5973 B482j 1972
100 _aBeard ,James
245 _aJames Beard's American cookery/
_cJames Beard
260 _aNew York:
_bLittle Brown and Company,
_cc1972
300 _a877 pages:
_billustrations;
_c24cm.
504 _aIncludes index.
650 _a1. Cooking, American
942 _2ddc
_cBK-CIRC
_kCirc.
_n0
999 _c4560
_d4560